000 00616nam a2200265Ia 4500
005 20260121165456.0
008 008 260114s9999 xx 000 0 eng d
020 _a9789811025464
037 _aEBOOK
040 _aCRL
040 _beng
040 _cCRL
041 _2eng
041 _aeng
084 _qCRL
100 _aHong Mei, Jian Lü
_91052169
245 0 _aInternetware
260 _bSpringer
260 _bSpringer
260 _c2016
856 _uhttps://link.springer.com/openurl?genre=book&isbn=978-981-10-2546-4
942 _cEBOOK
999 _c1617894
_d1617894